00690nam a2200241 a 4500001001300000003000900013005001700022008004100039020001000080082001700090100002600107245002800133260003700161300000900198500003500207505001300242650001900255700002600274902000800300942000700308952011800315999001500433nice12345678IN_TiNIC20260116012606.0050524s1959 usaa grp 000 0 eng  ac10000a361.763bROT aRotary, International aService Is My Business. aUSA bRotary Internationalc1959 a140p aincludes index and biblioraphy2 aAppendix aSocial-Service1 aRotary, International bSRS cBK 001040708StackRoom-aHMIbHMId2007-06-05g100.00l0o361.763 ROTp012774r2007-06-05v100.00w2005-05-24yBK c7584d7584